Collecting data and specimens for study of economic plants / (Record no. 10388)

MARC details
000 -LEADER
fixed length control field 01013cam a22002651a 4500
001 - CONTROL NUMBER
control field agr45000259
003 - CONTROL NUMBER IDENTIFIER
control field DLC
005 - DATE AND TIME OF LATEST TRANSACTION
control field 20260227111003.0
008 - FIXED-LENGTH DATA ELEMENTS--GENERAL INFORMATION
fixed length control field 780825s1945 dcua f000 0 eng c
010 ## - LIBRARY OF CONGRESS CONTROL NUMBER
LC control number agr45000259
035 ## - SYSTEM CONTROL NUMBER
System control number (OCoLC)4168799
040 ## - CATALOGING SOURCE
Original cataloging agency U.S.Dept. of agr. Library
Transcribing agency ArLUA
Modifying agency DNAL
-- DLC
-- WaU
050 00 - LIBRARY OF CONGRESS CALL NUMBER
Classification number QK61
Item number .A7
070 0# - NATIONAL AGRICULTURAL LIBRARY CALL NUMBER
Classification number 1
Item number Ag84M no.568
082 ## - DEWEY DECIMAL CLASSIFICATION NUMBER
Classification number 579
100 1# - MAIN ENTRY--PERSONAL NAME
Personal name Archer, W. Andrew
Fuller form of name (William Andrew),
Dates associated with a name 1894-
245 10 - TITLE STATEMENT
Title Collecting data and specimens for study of economic plants /
Statement of responsibility, etc. by W. Andrew Archer.
260 ## - PUBLICATION, DISTRIBUTION, ETC.
Place of publication, distribution, etc. Washington, D.C. :
Name of publisher, distributor, etc. U.S. Dept. of Agriculture,
Date of publication, distribution, etc. 1945.
300 ## - PHYSICAL DESCRIPTION
Extent 52 p. :
Other physical details ill. ;
Dimensions 23 cm.
490 1# - SERIES STATEMENT
Series statement Miscellaneous publication / United States Department of Agriculture ;
Volume/sequential designation no. 568
500 ## - GENERAL NOTE
General note Cover title.
500 ## - GENERAL NOTE
General note Contribution from Office of Foreign Agricultural Relations.
650 #0 - SUBJECT ADDED ENTRY--TOPICAL TERM
Topical term or geographic name entry element Botanical specimens
General subdivision Collection and preservation.
830 #0 - SERIES ADDED ENTRY--UNIFORM TITLE
Uniform title Miscellaneous publication (United States. Department of Agriculture) ;
Volume/sequential designation no. 568.

No items available.

Powered by Koha